00962nam a2200265 i 4500001001000000003000900010005001700019007000300036008004100039040003000080041000800110082002000118100004900138245005300187264007200240300002800312336002800340337003400368338002800402500006600430500004200496942001400538952012700552999001700679000039105DO-SdBNP20250630142448.0ta130521s2007 dr 000 0 spa d aDO-SdBNPbspacBNPHUerda aspa 4axxxbM516tr2221 aMejía García, Isidraeautor4aut.96531610aTrabajemos poesías /cIsidra Mejía García. 4aSanto Domingo, República Dominicana :bDelfos Editores,c©2007. a113 páginas ;c20 cm. atextobtxt2rdacontent  asin mediación bn2rdamedia avolumenbnc2rdacarrier aIncluye datos biográficos de la autora en la contracubierta aIncluye notas al pie de las páginas 2ddccLBS1 00102ddc51708PDaBNPHUbBNPHUcCTd2013-05-21i l0o xxx M516trp39105-10r2020-06-25w2020-06-25yLBS1ZNo se presta c38595d38595